000 00385nam a22001697a 4500
003 SGT
020 _a9789392787447
082 _a150
_bP22K
100 _aKHAN, WAHEEDA
245 _aPSYCHOLOGY: THE CURRENT OVERVIEW
250 _a1ST
260 _aNEW DELHI
_bS.S.BOOKS
_c2022
300 _a187
650 _aPSYCHOLOGY
653 _aPSYCHOLOGY, OVERVIEW CURRENT
942 _2ddc
_cBK
999 _c24617
_d24617